书目信息 |
| 题名: |
德沃夏克B小调大提琴协奏曲
|
|
| 作者: | ||
| 分册: | 大提琴与钢琴分谱 | |
| 出版信息: | 光华出版社 |
|
| 页数: | 1册 | |
| 开本: | 20cm | |
| 丛书名: | ||
| 单 册: | ||
| 中图分类: | J657.23 | |
| 科图分类: | ||
| 主题词: | 外国音乐--作品 , 音乐--各国--作品 | |
| 电子资源: | ||
| ISBN: | ||
| 000 | 00536nam0 2200181 450 | |
| 001 | 0631889562 | |
| 005 | 20060820085252.39 | |
| 100 | @a20060820d km y0chiy0120 ea | |
| 101 | 0 | @achi |
| 200 | 1 | @a德沃夏克B小调大提琴协奏曲@Ade wo xia ke B xiao tiao da ti qin xie zou qu@i大提琴与钢琴分谱 |
| 210 | @c光华出版社 | |
| 215 | @a1册@d20cm | |
| 517 | 1 | @a大提琴与钢琴分谱@Ada ti qin yu gang qin fen pu |
| 606 | 0 | @a外国音乐@x作品 |
| 606 | 0 | @a音乐@y各国@x作品 |
| 690 | @aJ657.23@v3 | |
| 801 | 0 | @aCN@bPFT@c20060820 |
| 905 | @a10447@dJ657.23@e336 | |
| 德沃夏克B小调大提琴协奏曲.大提琴与钢琴分谱.-光华出版社 |
| 1册;20cm |
| ISBN : |
| ● |
| 相关链接 |
|
|
|
|
正题名:德沃夏克B小调大提琴协奏曲
索取号:J657.23/336
 
预约/预借
| 序号 | 登录号 | 条形码 | 馆藏地/架位号 | 状态 | 备注 |
| 1 | 0467086 | 204670864 | 密集书库/ [索取号:J657.23/336] | 在馆 |